| Tag |
First Indicator |
Second Indicator |
Subfields |
| LEADER |
00000cam a2200000Ka 4500 |
| 001 |
in00002784888 |
| 005 |
20210728125005.0 |
| 006 |
m o d |
| 007 |
cr cn||||||||| |
| 008 |
120207s2009 cau ob 001 0 eng d |
| 020 |
|
|
|a 1118269381 (electronic bk.)
|
| 020 |
|
|
|a 9781118269381 (electronic bk.)
|
| 035 |
|
|
|a (OCoLC)775437922
|
| 035 |
|
|
|a (OCoLC)ocn775437922
|
| 035 |
|
|
|a 4038611
|
| 037 |
|
|
|a 10.1002/9781118269381
|b Wiley InterScience
|n http://www3.interscience.wiley.com
|
| 040 |
|
|
|a DG1
|b eng
|c DG1
|d OCLCQ
|d TXA
|d UtOrBLW
|
| 049 |
|
|
|a TXAM
|
| 050 |
|
4 |
|a LB1044.87
|b .B66 2009eb
|
| 082 |
0 |
4 |
|a 371.3344678
|2 22
|
| 100 |
1 |
|
|a Bonk, Curtis Jay.
|0 http://id.loc.gov/authorities/names/n98003138
|
| 245 |
1 |
4 |
|a The world is open :
|b how Web technology is revolutionizing education /
|c by Curtis J. Bonk.
|
| 264 |
|
1 |
|a San Francisco, Calif. :
|b Jossey-Bass,
|c 2009.
|
| 264 |
|
2 |
|a Chichester :
|b John Wiley [distributor]
|
| 300 |
|
|
|a 1 online resource (xxx, 481 pages)
|
| 336 |
|
|
|a text
|b txt
|2 rdacontent
|
| 337 |
|
|
|a computer
|b c
|2 rdamedia
|
| 338 |
|
|
|a online resource
|b cr
|2 rdacarrier
|
| 500 |
|
|
|a Electronic resource.
|
| 500 |
|
|
|a Originally published: 2009.
|
| 504 |
|
|
|a Includes bibliographical references and index.
|
| 505 |
0 |
|
|a Front Matter -- Introduction to the Open Learning World -- We All Learn -- To Search and to Scan: Opener #1: Web Searching in the World of E-Books -- E-Demand Around the Globe: Opener #2: E-Learning and Blended Learning -- It's a Free Software World After All: Opener #3: Availability of Open Source and Free Software -- MIT in Every Home: Opener #4: Leveraged Resources and Open Course Ware -- Portals for the People: Opener #5: Learning Object Repositories and Portals -- Making a Contribution: Opener #6: Learner Participation in Open Information Communities -- Collaborate or Die!: Opener #7: Electronic Collaboration and Interaction -- Who Are You?: Opener #8: Alternative Reality Learning -- U-Learning?: Opener #9: Real-Time Mobility and Portability -- Learning at Your Service: Opener #10: Networks of Personalized Learning -- The Treasures and Traps of This Open Learning World -- Acknowledgments -- Postscript: An Open Letter to the Learners of this Planet -- The Author -- Endnotes -- Index.
|
| 588 |
|
|
|a Description based on print version record.
|
| 650 |
|
0 |
|a Internet in education.
|0 http://id.loc.gov/authorities/subjects/sh96006960
|
| 655 |
|
7 |
|a Electronic books.
|2 local
|
| 776 |
0 |
8 |
|i Print version:
|a Bonk, Curtis Jay.
|t World is open.
|d San Francisco, Calif. : Jossey-Bass ; Chichester : John Wiley [distributor], 2011
|z 9781118013816
|w (OCoLC)751527510
|
| 830 |
|
0 |
|a Wiley Online Library.
|
| 856 |
4 |
0 |
|u http://proxy.library.tamu.edu/login?url=https://dx.doi.org/10.1002/9781118269381
|z Connect to the full text of this electronic book
|t 0
|
| 948 |
|
|
|a cataloged
|b h
|c 2012/12/14
|d c
|e jlanham
|f 1:17:33 pm
|
| 994 |
|
|
|a C0
|b TXA
|
| 999 |
|
|
|a MARS
|
| 999 |
f |
f |
|s edfdee40-1cb6-34ed-86b3-ca49c54ed150
|i a991c581-45b4-31de-9fa8-510c73f8b1d9
|t 0
|
| 952 |
f |
f |
|a Texas A&M University
|b College Station
|c Electronic Resources
|d Available Online
|t 0
|e LB1044.87 .B66 2009eb
|h Library of Congress classification
|
| 998 |
f |
f |
|a LB1044.87 .B66 2009eb
|t 0
|l Available Online
|